มุมมองปกติ
มุมมองแบบ MARC
- อาโรรา, สุขวินทร์
รายการ Personal Name
001 - CONTROL NUMBER
- control field: 57852
003 - CONTROL NUMBER IDENTIFIER
- control field: NALT
005 - DATE AND TIME OF LATEST TRANSACTION
- control field: 20220428092246.0
008 - FIXED-LENGTH DATA ELEMENTS
- fixed length control field: 220428|| aca||aabn | a|a d
040 ## - CATALOGING SOURCE
- Original cataloging agency: NALT
100 1# - HEADING--PERSONAL NAME
- Personal name: อาโรรา, สุขวินทร์
